000 00868nas a2200301 4500
001 BR0306092
003 BR-BrBNA
005 20231205104230.0
007 ta
008 230509b bl.|||p| |||| 00| 00por d
040 _aBR-BrBNA
_bpor
_cBiblioteca Nacional de Agricultura
041 _a(Pt)
072 _aL70
100 1 _aBrondani, J.T.
100 1 _aNatalini, C.C.
100 1 _aPippi, N.L.
100 1 _aMazzanti, A.
100 1 _aPrati, L.
100 1 _aBertin, A.P.
245 1 _aAnestesia com cetamina, midazolam e óxido nitrose em cães submetidos à esofagoplastia cervical
650 _aCÃO
650 _aANESTESIA
650 _aESÔFAGO
650 _aCIRURGIA
773 0 _tCiência Rural (Brazil)
_xISSN 0103-8478
_g(Nov-Dec 2003), v. 33(6) p. 1075-1079
_wBR0306092
909 _a202311
_bLúcia
_c55
_dLúcia Elande
942 _2AGRIS
_n0
_cANA
999 _c177060
_d177060